000 00657cam a2200241I 4500
001 4682834
003 ARRUPE
005 20150909141905.0
008 730410s1961 stk 000 0 eng d
035 _a(OCoLC)ocm00599796
035 _a(NNC)4682834
040 _aKEN
_cKEN
_dUKM
_dBWE
050 0 _aBJ 1025.L5 1961
098 _aFY
100 1 _aLillie, W.
_q(William)
_919621
245 1 0 _aStudies in New Testament ethics.
260 _aEdinburgh,
_bOliver and Boyd
_c[1961]
300 _aix, 189 p.
_c23 cm.
504 _aIncludes bibliographical references.
650 0 _aEthics in the Bible.
_93619
942 _2lcc
_cMONOGRAPH
999 _c123331
_d123331